[Event "Montreal Pere Noel U1500"]
[Site "Montreal"]
[Date "2012.12.28"]
[Round "3.39"]
[White "Kazi, Manju"]
[Black "Charbonneau, Olivier"]
[Result "1-0"]
[WhiteElo "1330"]
[BlackElo "1173"]
[PlyCount "49"]
[EventDate "2012.12.26"]
[EventType "swiss"]
[EventRounds "5"]
[EventCountry "CAN"]
[SourceTitle "EXT 2022"]
[Source "ChessBase"]
[SourceDate "2021.10.06"]
[SourceVersion "1"]
[SourceVersionDate "2021.10.06"]
[SourceQuality "1"]

1. e4 e5 2. Nf3 Nc6 3. c3 Nf6 4. Qc2 Bc5 5. h3 d6 6. Bb5 Bd7 7. Be2 0-0 8. d3 h6 9. a4 a5 10. Nbd2 Nh7 11. Nf1 Qf6 12. Bd2 Ne7 13. g4 Ng6 14. Ng3 Nh4 15. Nf5 Nxf5 16. gxf5 d5 17. Rg1 dxe4 18. dxe4 Bc6 19. Rg2 Qd6 20. Bc4 Rad8 21. Rg6 Qxg6 22. fxg6 Nf6 23. Bxf7+ Kh8 24. Nxe5 Bxe4 25. Qc1 1-0